000 00442nam a2200193Ia 4500
999 _c123
_d123
003 0100
008 130227s9999 xx 000 0 und d
040 _cARRUPELIB
050 _aDT862.M5
100 _aMoir, Frederick Lewis Maitland
_940064
245 _aAfter Livingstone:
_ban African trade romance /
260 _aLondon
_bHodder & Stoughton
_c1924
300 _axx
300 _b 200p 21cm
650 _aNyasaland
_xDescription & travel
_940065
650 _aAfrican Lakes Trading Corporation
_940066
942 _2lcc
_cMONOGRAPH